00558nam a22002177a 450000500170000000800410001702000180005804000070007604100120008308200220009510000260011724500220014326000390016530000220020436500530022665000080027965000100028765000090029770000150030670000190032120250808085403.0231003b ||||| |||| 00| 0 eng d a9789358404425 cAL aEnglish 223a658.872bSHAD aSharanya M and others aDigital marketing aNew DelhibVision Book Housec2023 a242pbPBc24x18cm a4930b₹220.00c₹d₹275.00e20%f28-09-2023 aNEP aV Sem aBcom aAsif, Niha aMohan, Shruthi